| 000 | 00406nam a22001697a 4500 | ||
|---|---|---|---|
| 005 | 20160625144445.0 | ||
| 008 | 160625b xxu||||| |||| 00| 0 eng d | ||
| 020 | _a978-81-8478-019-2 | ||
| 041 | _aeng | ||
| 082 | _b10100 | ||
| 100 |
_a& Management _92796 |
||
| 245 | _aBusiness Communication and organisation | ||
| 260 | _bTaxmanns | ||
| 300 | _apara 22.11 | ||
| 650 |
_aManagement _9241 |
||
| 942 | _cBK | ||
| 999 |
_c4044 _d4043 |
||